Landen rond de Oostzee - Statistieken

Algemene statistieken
  • Deze quiz is 38 keer genomen
  • De gemiddelde score is 8 van 9
Antwoordstatistieken
Land % Correct
Finland
94%
Letland
94%
Zweden
94%
Denemarken
91%
Estland
91%
Litouwen
91%
Rusland
91%
Duitsland
88%
Polen
88%
Geen overeenkomende quizzen gevonden
Scoreverdeling
Procent van Mensen met Elke Score
Percentiel versus Aantal Correcte Antwoorden
Uw Scoregeschiedenis
U heeft deze quiz nog niet genomen